000 00453nam#a2200181#c#4500
003 IEF
005 20180219150455.0
008 941205s1984 uuu####fr####| 0||u| |u
020 _a8475421156
040 _aIEF
245 _aTerceras Jornadas de Cooperativas de Euskadi : Bilbao, 1983
260 _a[Zamudio]
_b Gobierno Vasco
_c1984
300 _a175 p.
_c 24 cm.
650 4 _aCOOPERATIVAS
_941218
942 _cLIB
942 _z29474
999 _c7811
_d7811